000 00447cam a2200145 4500500
005 20260322004545.0
041 _afre
042 _adc
100 1 0 _aToranian, Valérie
_eauthor
245 0 0 _aLe spectre ottoman
260 _c2021.
500 _a64
786 0 _nRevue des deux Mondes | Mars | 2 | 2021-03-01 | p. 4-7 | 2266-4734
856 4 1 _uhttps://shs.cairn.info/revue-revue-des-deux-mondes-2021-2-page-4?lang=fr&redirect-ssocas=7080
999 _c1741308
_d1741308